000 00383 a2200169 4500
001 188967
020 _a978-85-16-06319-1
040 _cMagnum
100 _aRocha, Ruth
240 1 0 _aQuando eu comecei a crescer
_lpor
245 1 0 _aQuando eu comecei a crescer
300 _a22
362 0 _a2009
440 1 _aSalamandra
697 _aLITERATURA INFANTO-JUVENIL
942 _cBK
999 _c188967
_d188967